|
|
|
|
| LEADER |
01788nam a2200457 4500 |
| 001 |
ocn912319249 |
| 003 |
OCoLC |
| 005 |
20170124071529.5 |
| 006 |
m o d |
| 007 |
cr cn||||||||| |
| 008 |
150527t20152015enka ob 001 0 eng d |
| 040 |
|
|
|a E7B
|b eng
|e rda
|c E7B
|d OCLCO
|d DG1
|d YDXCP
|d DEBBG
|d KSU
|d GrThAP
|
| 020 |
|
|
|a 9781118814536
|q electronic bk.
|
| 020 |
|
|
|a 1118814533
|q electronic bk.
|
| 020 |
|
|
|a 9781118814512
|q electronic bk.
|
| 020 |
|
|
|a 1118814517
|q electronic bk.
|
| 029 |
1 |
|
|a GBVCP
|b 836348346
|
| 029 |
1 |
|
|a DEBBG
|b BV043397923
|
| 035 |
|
|
|a (OCoLC)912319249
|
| 050 |
1 |
4 |
|a RA1057.5
|b .B353 2015eb
|
| 082 |
0 |
4 |
|a 614/.1
|2 23
|
| 049 |
|
|
|a MAIN
|
| 100 |
1 |
|
|a Balding, D. J.,
|e author.
|
| 245 |
1 |
0 |
|a Weight-of-evidence for forensic DNA profiles /
|c David J. Balding and Christopher D. Steele.
|
| 264 |
|
1 |
|a West Sussex, England :
|b John Wiley & Sons, Inc.,
|c 2015.
|
| 264 |
|
4 |
|c ©2015
|
| 300 |
|
|
|a 1 online resource (234 pages) :
|b illustrations.
|
| 336 |
|
|
|a text
|2 rdacontent
|
| 337 |
|
|
|a computer
|2 rdamedia
|
| 338 |
|
|
|a online resource
|2 rdacarrier
|
| 490 |
1 |
|
|a Statistics in Practice
|
| 504 |
|
|
|a Includes bibliographical references and index.
|
| 588 |
|
|
|a Description based on print version record.
|
| 650 |
|
0 |
|a Forensic genetics
|x Statistical methods.
|
| 650 |
|
0 |
|a DNA fingerprinting
|x Statistical methods.
|
| 655 |
|
4 |
|a Electronic books.
|
| 700 |
1 |
|
|a Steele, Christopher D.,
|e author.
|
| 776 |
0 |
8 |
|i Print version:
|a Balding, David J.
|t Weight-of-evidence for forensic DNA profiles.
|d West Sussex, England : John Wiley & Sons, Inc., c2015
|h ix, 213 pages
|k Statistics in practice.
|z 9781118814512
|w 2015008388
|
| 830 |
|
0 |
|a Statistics in practice.
|
| 856 |
4 |
0 |
|u https://doi.org/10.1002/9781118814512
|z Full Text via HEAL-Link
|
| 994 |
|
|
|a 92
|b DG1
|